| 000 | 00882nam a22002057a 4500 | ||
|---|---|---|---|
| 999 |
_c61485 _d61485 |
||
| 005 | 20240319130417.0 | ||
| 008 | 240319s1987 ru ||||| |||| 00| 0 rus d | ||
| 041 | _arus | ||
| 080 | _a94(100) M-18 | ||
| 100 |
_aМалеванный А.М., _921467 |
||
| 245 |
_aКлассовая борьба в древнем мире / _c А.М. Малеванный, Е.А. Чиглинцев, А.С. Хофман. |
||
| 264 |
_aКазань : _bИздательство Казанского университета, _c1987. |
||
| 300 |
_a110 с.; _b20 cm. |
||
| 653 | _aკლასობრივი ბრძოლა ძველ სამყაროში | ||
| 653 | _aისტორია | ||
| 653 | _aარქეოლოგია | ||
| 700 |
_aЧиглинцев, Е.А. _eავტორი _921468 |
||
| 700 |
_aХофман, А.С. _921469 |
||
| 942 |
_2udc _cᲬᲘᲒᲜᲘ |
||